[Event "Mid Bohemia Region-chT 2223"]
[Site "Czech Republic"]
[Date "2023.03.19"]
[Round "10.8"]
[White "Sterba, Antonin"]
[Black "Chybny, Zdenek"]
[Result "1/2-1/2"]
[WhiteElo "1622"]
[BlackElo "1770"]
[PlyCount "53"]
[EventDate "2022.10.09"]
[EventType "team-tourn"]
[EventRounds "11"]
[EventCountry "CZE"]
[SourceTitle "EXT 2024"]
[Source "ChessBase"]
[SourceDate "2023.10.10"]
[SourceVersion "1"]
[SourceVersionDate "2023.10.10"]
[SourceQuality "1"]
[WhiteTeam "Mlada Boleslav Skoda"]
[BlackTeam "Cesky Brod"]
[WhiteTeamCountry "CZE"]
[BlackTeamCountry "CZE"]

1. d4 d5 2. c4 e6 3. Nc3 Nf6 4. e3 Be7 5. Nf3 0-0 6. Be2 dxc4 7. Bxc4 c5 8. 0-0 Nc6 9. dxc5 Bxc5 10. Qxd8 Rxd8 11. a3 a5 12. b3 b6 13. Bb2 Ba6 14. Bxa6 Rxa6 15. Rad1 Raa8 16. g3 Be7 17. Kg2 Rxd1 18. Rxd1 Rd8 19. Rxd8+ Bxd8 20. Nd2 Nd7 21. Nb5 Bf6 22. Bxf6 Nxf6 23. e4 Nd7 24. f4 f6 25. Kf3 Kf7 26. Ke3 Ke7 27. Kd3 1/2-1/2

[Event "WchT Seniors 65"]
[Site "Prague"]
[Date "2020.03.08"]
[Round "3.23"]
[White "Chybny, Zdenek"]
[Black "Ruotanen, Helge"]
[Result "0-1"]
[WhiteElo "1776"]
[BlackElo "1927"]
[PlyCount "78"]
[EventDate "2020.03.06"]
[EventType "team-swiss"]
[EventRounds "7"]
[EventCountry "CZE"]
[SourceTitle "CBM 195 Extra"]
[Source "ChessBase"]
[SourceDate "2020.05.31"]
[SourceVersion "1"]
[SourceVersionDate "2020.05.31"]
[SourceQuality "1"]
[WhiteTeam "Czech Republic 65 XI"]
[BlackTeam "Finland 65"]
[WhiteTeamCountry "CZE"]
[BlackTeamCountry "FIN"]

1. c4 g6 2. Nc3 Bg7 3. d4 d6 4. Nf3 Nf6 5. g3 0-0 6. Bg2 Bg4 7. h3 Bd7 8. 0-0 Nc6 9. d5 Nb4 10. Ne1 c6 11. e4 cxd5 12. cxd5 a5 13. a3 Na6 14. Nd3 b5 15. Be3 Rc8 16. Ne2 Rc4 17. b3 Rxe4 18. Bxe4 Nxe4 19. Rc1 Bxh3 20. Re1 Bg4 21. Qc2 e5 22. Nxe5 Bxe5 23. Qxe4 Bf5 24. Qg2 Bb2 25. Rc6 Nb8 26. Rb6 Bxa3 27. Rxb5 Bb4 28. Rd1 Re8 29. Nd4 Bg4 30. f3 Bd7 31. Nc6 Bxc6 32. dxc6 Rxe3 33. Rc1 Bc5 34. Kf1 Nxc6 35. f4 Qe8 36. Qd5 Nb4 37. Qb7 Nd3 38. Rxa5 Re1+ 39. Kg2 Qe2+ 0-1

[Event "WchT Seniors 65"]
[Site "Prague"]
[Date "2020.03.06"]
[Round "1.23"]
[White "Chybny, Zdenek"]
[Black "Schulz, Michael"]
[Result "0-1"]
[WhiteElo "1776"]
[BlackElo "2122"]
[PlyCount "56"]
[EventDate "2020.03.06"]
[EventType "team-swiss"]
[EventRounds "7"]
[EventCountry "CZE"]
[SourceTitle "CBM 195 Extra"]
[Source "ChessBase"]
[SourceDate "2020.05.31"]
[SourceVersion "1"]
[SourceVersionDate "2020.05.31"]
[SourceQuality "1"]
[WhiteTeam "Czech Republic 65 XI"]
[BlackTeam "Germany 65 VIII"]
[WhiteTeamCountry "CZE"]
[BlackTeamCountry "GER"]

1. c4 e5 2. Nc3 Nf6 3. g3 d5 4. cxd5 Nxd5 5. Bg2 Nb6 6. Nf3 Nc6 7. 0-0 Be7 8. d3 0-0 9. Be3 Be6 10. Rc1 f5 11. a3 a5 12. Na4 e4 13. Ne1 Nd5 14. Bc5 Nf6 15. Bxe7 Nxe7 16. Nc3 Nfd5 17. Nxd5 Bxd5 18. d4 c6 19. e3 Ra6 20. Nc2 Qb6 21. b4 axb4 22. axb4 Ra2 23. Ra1 Rfa8 24. Qd2 Qb5 25. Rxa2 Rxa2 26. Ra1 Qa4 27. Rxa2 Qxa2 28. Qc3 Bb3 0-1